000 00386ntaaa2200157 4500
003 01
005 20251027201911.0
008 0714s1973 ag 01
040 _aAR-BaBN
_bspa
_cAR-BaBN
_eaacr
_dRIC
082 _a244.1000 Or6
245 _aOro escondido
250 _a1 ed. :
_bEjército de Salvación,
_cn.f.
300 _a94 p.
650 _aNarraciones para Niños
_917538
942 _cBK
999 _c13718
_d13718